Tous coupables sauf Thermos Grönn (Record no. 14031)

MARC details
010 ## - Numéro international normalisé du livre (ISBN)
ISBN 9782487746213
Disponibilité et/ou prix 12 EUR
099 ## - Visibilité opac
notice masquée en opac Non
100 ## - Données générales de traitement
Données générales de traitement 20260220d2026 m y0frey50 ba
101 0# - Langue de la ressource
Langue du texte, de la bande son, etc. français
102 ## - Pays de publication ou de production
Pays de publication France
200 1# - Titre et mention de responsabilité
Titre propre Tous coupables sauf Thermos Grönn
Indication générale du type de document Livre
214 #0 - Mentions de production, publication, diffusion et manufacture
Nom de l’éditeur Esse que éditions
Date de publication 2026
214 #3 - Mentions de production, publication, diffusion et manufacture
Nom de l’éditeur Impr. Typolibris
215 ## - Description physique
Nombre de pages 1 vol. (72 p.)
225 1# - Collection
Titre de la collection Théâtre
323 ## - Nombre de personnages
Texte de la note 18 personnages
330 ## - Résumé ou extrait
Texte de la note Thermos Grönn, aidé par Géraldine Tailleurz, tente de s échapper du pays après avoir détourné des millions. Une malle, un faux passeport, deux jerricanes de kérosène, et la fuite prend une tournure grotesque et tragique. Réussira-t-il à rejoindre le paradis fiscal promis ?
610 ## - Mot-clé
Mot-clé Satire
-- humour
-- capitalisme
700 ## - Auteur principal
Nom Nicolas
Prénom Romane
105 ## - Zone de données codées : textes, monographies
Données codées sur les monographies textuelles ||||z 00|||
181 #0 - Zone de données codées : Forme de la ressource
Données de liaison entre champs 01
Forme du contenu selon l’ISBD sous forme codée i
Qualificatif(s) du contenu selon l’ISBD sous forme codée xxxe
181 ## - Zone de données codées : Forme de la ressource
Données de liaison entre champs 02
Autre référentiel utilisé pour coder la forme du contenu texte
Code du référentiel rdacontent
182 #0 - Zone de données codées : type de média
Données de liaison entre champs 01
Type de médiation selon l’ISBD sous forme codée sans média
182 ## - Zone de données codées : type de média
Données de liaison entre champs 02
Autre référentiel utilisé pour coder le type de médiation sans média
Code du référentiel rdamedia
214 #0 - Mentions de production, publication, diffusion et manufacture
Lieu de publication, production, distribution/diffusion, fabrication Pantin
214 #3 - Mentions de production, publication, diffusion et manufacture
Lieu de publication, production, distribution/diffusion, fabrication 22-Saint-Brieuc cedex 9
215 ## - Description physique
Dimensions 19 cm
700 ## - Auteur principal
Eléments ajoutés aux noms autres que les dates Auteur du texte
801 #0 - Origine de la notice
Pays FR
Agence de catalogage FR-751131015
Date de la transaction 20260220
Règles de catalogage utilisées AFNOR
Identifiant d'origine FRBNF487077130000006
Code du format utilisé intermrc
856 #2 - Adresse électronique et mode d’accès
Uniform Resource Identifier 1178894
Numéro d'accès Première de couverture
856 #2 - Adresse électronique et mode d’accès
Uniform Resource Identifier 1178895
Numéro d'accès Quatrième de couverture
000 -Etiquette de la notice
Leader 01387nam a2200397 4500
003 - Identifiant de la notice
Identifiant http://catalogue.bnf.fr/ark:/12148/cb48707713r
005 - Identifiant de la version
Identifiant 20260226151502.0
073 #0 - EAN
Numéro normalisé 9782487746213
Holdings
Exclu du prêt Date de création Site actuel Code barre Date prix de remplacement Cote Date de restitution prévue Statut Site de rattachement Type de document Koha
  26.02.2026 Théâtre Joliette JOL-007732 26.02.2026 TH NIC 18 09.04.2026   Théâtre Joliette Livre